书目信息 |
| 题名: |
铁蹄
|
|
| 作者: | 伦敦 著 ;吴劳 , 鹿金 译 | |
| 分册: | ||
| 出版信息: | 上海 上海译文出版社 2003.08 |
|
| 页数: | 236页 | |
| 开本: | 22cm | |
| 丛书名: | 杰克·伦敦文集 | |
| 单 册: | ||
| 中图分类: | I712.44 | |
| 科图分类: | ||
| 主题词: | 长篇小说--chang pian xiao shuo--美国--近代 | |
| 电子资源: | ||
| ISBN: | 7-5327-2761-0 | |
| 000 | 01054nam 2200301 450 | |
| 001 | 012007650578 | |
| 005 | 20071106101923.62 | |
| 010 | @a7-5327-2761-0@b精装@dCNY27.00 | |
| 100 | @a20070924d2003 km y0chiy0120 ea | |
| 101 | 1 | @achi@ceng |
| 102 | @aCN@b310000 | |
| 105 | @ay z 000ay | |
| 106 | @ar | |
| 200 | 1 | @a铁蹄@Atie ti@f(美) 杰克·伦敦著@F(mei)jie ke·lun dun zhu@fJack London@g吴劳, 鹿金译@Gwu lao,lu jin yi |
| 210 | @a上海@c上海译文出版社@d2003.08 | |
| 215 | @a236页@d22cm | |
| 225 | 2 | @a杰克·伦敦文集@Ajie ke·lun dun wen ji |
| 312 | @a英文并列题名取自版权页。 | |
| 330 | @a本书通过一个从富家小姐走上革命道路的女性的视角叙述了1912年至1932年这二十年间劳动人民对抗财阀阶级的斗争史。 | |
| 410 | 0 | @12001 @a杰克·伦敦文集 |
| 500 | 10 | @aIron heel@mChinese |
| 606 | 0 | @a长篇小说@Achang pian xiao shuo@y美国@z近代 |
| 690 | @aI712.44@v4 | |
| 701 | 1 | @a伦敦@Alun dun@g(London, Jack),@f1876-1916@4著 |
| 702 | 0 | @a吴劳@Awu lao@4译 |
| 702 | 0 | @a鹿金@Alu jin@4译 |
| 801 | 0 | @aCN@b@c20071106 |
| 905 | @b263223-25@dI712.44@eL926@f3 | |
| 铁蹄/(美) 杰克·伦敦著/Jack London/吴劳, 鹿金译.-上海:上海译文出版社,2003.08 |
| 236页;22cm.-(杰克·伦敦文集) |
| ISBN 7-5327-2761-0(精装):CNY27.00 |
| 本书通过一个从富家小姐走上革命道路的女性的视角叙述了1912年至1932年这二十年间劳动人民对抗财阀阶级的斗争史。 |
| ● |
| 相关链接 |
|
|
|
正题名:铁蹄
索取号:I712.44/L926
 
预约/预借
| 序号 | 登录号 | 条形码 | 馆藏地/架位号 | 状态 | 备注 |
| 1 | 263223 | 202632231 | 社科二线400B/400B社科库 12排2列6层/ [索取号:I712.44/L926] | 在馆 | |
| 2 | 263224 | 202632240 | 文学库116/116文学库 25排6列4层/ [索取号:I712.44/L926] | 在馆 | |
| 3 | 263225 | 202632259 | 社科二线400B/400B社科库 4排4列2层/ [索取号:I712.44/L926] | 在馆 |